00644nam a2200241 a 4500001001300000003000900013005001700022008004100039020001000080082001400090100001600104245002300120260004800143300000800191500003500199505001000234650001800244700001600262902000800278942000700286952009400293999001500387nice12345678IN_TiNIC20260116011427.0050524s1928 laha grp 000 0 urd  ac10000a244bANO1 aAnonymous,  aEk Ajib Peshin Goi aLahorebPunjab Religious Booksociety c1928 a20p aincludes index and biblioraphy2 aIndex aBible Stories1 aAnonymous,  bSRS cBK 00104070aHMIbHMId2007-07-05g100.00l0o244 ANO1p4415r2007-07-05w2026-01-16yARB c1433d1433